[Event "50smm B Gries-Ridnaun"]
[Site "?"]
[Date "2018.11.10"]
[Round "1.4"]
[White "Spornberger, Peter"]
[Black "Gasteiger, Josef"]
[Result "1-0"]
[WhiteElo "1522"]
[BlackElo "1412"]
[PlyCount "115"]
[EventDate "2018.11.10"]
[SourceDate "2018.11.11"]

1. e4 g6 2. d4 d5 3. exd5 Qxd5 4. Nc3 Qe6+ 5. Be3 Bg7 6. Nf3 h6 7. Bd3 Nf6 8.
O-O O-O 9. Re1 Qd6 10. Nb5 Qd8 11. c4 a6 12. Nc3 Bg4 13. h3 Bxf3 14. Qxf3 Nc6
15. Rad1 Qd7 16. Bb1 Qe8 17. Bf4 Nh5 18. Be3 Rd8 19. Nd5 Rd7 20. g4 Nf6 21.
Bxh6 Nxd5 22. Bxg7 Kxg7 23. cxd5 Nb8 24. Be4 Rd6 25. Qc3 Qd7 26. Rc1 f5 27.
gxf5 gxf5 28. Bg2 Rg6 29. Qxc7 Qxd5 30. Qe5+ Qxe5 31. Rxe5 Nc6 32. Rd5 Kf7 33.
Kh2 Ke8 34. Bf3 Rh6 35. a3 e6 36. Re1 Rfh8 37. Bg2 Ke7 38. Rxf5 Nxd4 39. Rf4
Nc6 40. Re3 Kd6 41. Rf7 Rb8 42. Rb3 Ne5 43. Rfxb7 Rxb7 44. Rxb7 Nd3 45. Rb6+
Ke5 46. b4 Nxf2 47. Kg3 Nd3 48. Rxa6 Rg6+ 49. Kh2 Nf4 50. Bf1 Rg7 51. Rc6 Ra7
52. Rc3 Rd7 53. Rc1 Rd2+ 54. Kg3 Rd4 55. Rc4 Nh5+ 56. Kf3 Rd1 57. Be2 Ra1 58.
Rc5+ 1-0

[Event "50smm B Groeden2-Arci2"]
[Site "?"]
[Date "2018.11.10"]
[Round "1.1"]
[White "Scarabello, Graziano"]
[Black "Casadio, Niccolo"]
[Result "0-1"]
[WhiteElo "1384"]
[BlackElo "1814"]
[PlyCount "82"]
[EventDate "2018.11.10"]
[SourceDate "2018.11.11"]

1. Nf3 d5 2. g3 Nf6 3. Bg2 e6 4. O-O Be7 5. b3 O-O 6. Bb2 c5 7. d3 Nc6 8. Nbd2
Qc7 9. c3 e5 10. e4 d4 11. h3 Be6 12. cxd4 cxd4 13. Rc1 Rac8 14. a3 a5 15. Rc2
Bd6 16. Nc4 b5 17. Nxd6 Qxd6 18. Nd2 Nd7 19. Qc1 Ne7 20. a4 Rxc2 21. Qxc2 Rc8
22. Qd1 bxa4 23. bxa4 Qb4 24. Bc1 Nc5 25. Nc4 Bxc4 26. dxc4 Qxc4 27. f4 Qd3 28.
Qg4 Nxe4 29. Bxe4 Qxe4 30. Qd7 exf4 31. Bxf4 Qe6 32. Qxd4 Qd5 33. Qa7 Ng6 34.
Be3 Ne5 35. Qa6 Re8 36. Qa7 Nf3+ 37. Kf2 Nh2 38. Re1 Qf3+ 39. Kg1 Qxg3+ 40. Kh1
Nf3 41. Qd7 Qh2# 0-1

[Event "50smm B Kaltern/Tramin3-Kaltern/Tramin2"]
[Site "?"]
[Date "2018.11.10"]
[Round "1.2"]
[White "Maier, Fridolin"]
[Black "Unterkofler, Alex"]
[Result "1/2-1/2"]
[WhiteElo "1685"]
[BlackElo "1787"]
[PlyCount "38"]
[EventDate "2018.11.10"]
[SourceDate "2018.11.11"]

1. e4 e5 2. Nf3 Nc6 3. Bc4 Bc5 4. c3 Nf6 5. d4 exd4 6. cxd4 Bb4+ 7. Nc3 d5 8.
Bxd5 Nxd5 9. exd5 Qxd5 10. O-O Bxc3 11. bxc3 O-O 12. Re1 Bg4 13. Qd3 Rfe8 14.
Bf4 Rxe1+ 15. Rxe1 Bxf3 16. Qxf3 Qxa2 17. Qe2 Qxe2 18. Rxe2 f6 19. d5 Ne5
1/2-1/2

[Event "50smm A Arci-Steinegg"]
[Site "?"]
[Date "2018.11.24"]
[Round "2.1"]
[White "Engl, Stefan"]
[Black "Olivetti, Davide"]
[Result "1/2-1/2"]
[WhiteElo "1999"]
[BlackElo "2028"]
[PlyCount "112"]
[EventDate "2018.11.24"]
[SourceDate "2018.11.11"]

1. e4 c5 2. Nc3 Nc6 3. f4 e6 4. Nf3 a6 5. g3 b5 6. Bg2 b4 7. Na4 Nf6 8. e5 Nd5
9. c4 bxc3 10. dxc3 Bb7 11. c4 Nb6 12. Nxb6 Qxb6 13. O-O Nd4 14. Be3 Rc8 15. b3
Nf5 16. Bf2 h5 17. Qd3 d5 18. exd6 Bxd6 19. Rad1 O-O 20. Qc3 Rfd8 21. Rd3 Be4
22. Rd2 Qb7 23. Rfd1 Be7 24. Rxd8+ Rxd8 25. Rxd8+ Bxd8 26. Ne1 Bxg2 27. Nxg2
Qe4 28. Ne1 Qb1 29. Qd3 Qxd3 30. Nxd3 g5 31. Nxc5 gxf4 32. Nxa6 fxg3 33. hxg3
Kf8 34. c5 Ke8 35. c6 Be7 36. b4 Bd6 37. Kg2 Kd8 38. b5 Ne7 39. Kf3 Kc8 40. Bc5
Bxc5 41. Nxc5 Kc7 42. a4 Nf5 43. Kf4 Kb6 44. Nd7+ Kc7 45. Ne5 Nd6 46. Nd3 f6
47. Nc5 e5+ 48. Kf3 f5 49. Nd7 Nc4 50. Nxe5 Nxe5+ 51. Kf4 Nd3+ 52. Kxf5 Nc5 53.
Kg5 Nxa4 54. Kxh5 Nc3 55. g4 Nxb5 56. g5 Nd4 1/2-1/2

[Event "50smm A Arci-Steinegg"]
[Site "?"]
[Date "2018.11.24"]
[Round "2.2"]
[White "Perino, Alberto"]
[Black "Pichler, Martin"]
[Result "0-1"]
[WhiteElo "1833"]
[BlackElo "1824"]
[PlyCount "64"]
[EventDate "2018.11.24"]
[SourceDate "2018.11.11"]

1. e4 g6 2. d4 Bg7 3. Nc3 d6 4. Be3 a6 5. Qd2 Nd7 6. O-O-O b5 7. h4 b4 8. Nd5
Ngf6 9. Nxf6+ Nxf6 10. f3 Rb8 11. Bh6 Bxh6 12. Qxh6 c5 13. dxc5 Qa5 14. Bc4
Qxc5 15. Bb3 Be6 16. Bxe6 fxe6 17. g4 Kd7 18. Nh3 b3 19. axb3 Rxb3 20. Qf4 e5
21. Rxd6+ Kxd6 22. Qd2+ Kc7 23. Ng5 Rb6 24. Rd1 Rd6 25. Qe2 Rhd8 26. Rd3 Qg1+
27. Kd2 Rxd3+ 28. cxd3 Rb8 29. b4 Rxb4 30. Ne6+ Kd6 31. Kc3 Qb1 32. d4 Qb3+ 0-1

[Event "50smm A Arci-Steinegg"]
[Site "?"]
[Date "2018.11.24"]
[Round "2.3"]
[White "Engl, Alexander"]
[Black "Moser, Gabriele"]
[Result "0-1"]
[WhiteElo "1811"]
[BlackElo "1896"]
[PlyCount "66"]
[EventDate "2018.11.24"]
[SourceDate "2018.11.11"]

1. e4 c6 2. d4 d5 3. Nd2 dxe4 4. Nxe4 Bf5 5. Ng3 Bg6 6. h4 h6 7. h5 Bh7 8. Nf3
Nd7 9. Bd3 Bxd3 10. Qxd3 e6 11. Bf4 Qa5+ 12. Bd2 Qc7 13. O-O-O Ngf6 14. Kb1
O-O-O 15. Qb3 c5 16. Qa4 Kb8 17. Ba5 b6 18. Bd2 c4 19. Ne2 Nd5 20. Nc3 Nxc3+
21. Bxc3 Nf6 22. Ne5 Rc8 23. Bb4 Bxb4 24. Qxb4 Nd5 25. Qb5 Rhd8 26. Rh3 c3 27.
b3 Nf4 28. Rf3 Rd5 29. Qf1 Qe7 30. Nc4 b5 31. Rxf4 bxc4 32. Ka1 Qa3 33. Rb1 Ra5
0-1

[Event "50smm A Arci-Steinegg"]
[Site "?"]
[Date "2018.11.24"]
[Round "2.4"]
[White "De Nisi, Roberta"]
[Black "Lantschner, Carmen"]
[Result "1-0"]
[WhiteElo "1797"]
[BlackElo "1695"]
[PlyCount "109"]
[EventDate "2018.11.24"]
[SourceDate "2018.11.11"]

1. d4 d6 2. c4 g6 3. Nc3 Nf6 4. e4 Bg7 5. f3 O-O 6. Be3 e5 7. d5 c6 8. Bd3 cxd5
9. cxd5 Nbd7 10. b4 Nb6 11. Nge2 Bd7 12. O-O Rc8 13. Qb3 a6 14. Rfc1 Ne8 15. a4
f5 16. a5 Na8 17. b5 fxe4 18. fxe4 Nac7 19. b6 Nb5 20. Nxb5 axb5 21. Rxc8 Qxc8
22. Rc1 Qd8 23. Bxb5 Bxb5 24. Qxb5 Nf6 25. Bg5 h6 26. Bxf6 Qxf6 27. Ng3 Qf2+
28. Kh1 Qd2 29. Rf1 Rd8 30. a6 bxa6 31. Qxa6 Qb2 32. b7 Bf8 33. Qa7 h5 34. b8=Q
Rxb8 35. Qf7+ Kh8 36. Qxg6 Qd2 37. Qxh5+ Qh6 38. Qxh6+ Bxh6 39. Nf5 Bf8 40. Kg1
Rb4 41. Re1 Rb2 42. Kf1 Kh7 43. Re2 Rb7 44. Kf2 Kg6 45. Kf3 Be7 46. h4 Bf8 47.
Kg4 Rd7 48. h5+ Kh7 49. Kh3 Be7 50. g4 Bg5 51. Rc2 Rb7 52. Nxd6 Rb3+ 53. Kg2
Re3 54. Rc7+ Kg8 55. Nf5 1-0

[Event "50smm A Arci-Steinegg"]
[Site "?"]
[Date "2018.11.24"]
[Round "2.5"]
[White "Schroffenegger, Simon"]
[Black "Rinaldo, Gaetano"]
[Result "0-1"]
[WhiteElo "1456"]
[BlackElo "1730"]
[PlyCount "106"]
[EventDate "2018.11.24"]
[SourceDate "2018.11.11"]

1. e4 e6 2. d4 d5 3. exd5 exd5 4. Nf3 Nc6 5. Bf4 Bg4 6. c3 Nf6 7. Bb5 a6 8. Ba4
Bd6 9. Qe2+ Be7 10. O-O O-O 11. Nbd2 Re8 12. Qd3 Bd6 13. Bxc6 bxc6 14. Ne5 Bd7
15. Ndf3 Nh5 16. Ng5 g6 17. Ngxf7 Nxf4 18. Qf3 Qf6 19. Nxd6 cxd6 20. Nxd7 Qf7
21. Rfe1 Qxd7 22. Rxe8+ Rxe8 23. Qxf4 Re2 24. b3 Qf7 25. Qg3 Qf5 26. f3 Qd3 27.
Re1 Kf7 28. Qf4+ Ke7 29. Qc1 Kd7 30. Rd1 Qc2 31. Qxc2 Rxc2 32. Ra1 Rxc3 33. Kf2
Rc2+ 34. Kg3 Rd2 35. Kf4 Rxd4+ 36. Ke3 c5 37. g3 Rb4 38. h4 a5 39. Rh1 h5 40.
Rg1 a4 41. Rb1 axb3 42. Rxb3 Rxb3+ 43. axb3 Ke6 44. Kf4 Kf6 45. g4 hxg4 46.
fxg4 d4 47. Ke4 d5+ 48. Kd3 Ke5 49. h5 gxh5 50. gxh5 Kf5 51. h6 Kg6 52. b4 cxb4
53. Kxd4 Kxh6 0-1

[Event "50smm A Arci-Steinegg"]
[Site "?"]
[Date "2018.11.24"]
[Round "2.6"]
[White "D'Ambrosio, Luca"]
[Black "Schgaguler, Guenther"]
[Result "1/2-1/2"]
[WhiteElo "1779"]
[BlackElo "1515"]
[PlyCount "62"]
[EventDate "2018.11.24"]
[SourceDate "2018.11.11"]

1. d4 e6 2. Nf3 f5 3. Bg5 Be7 4. Bxe7 Qxe7 5. Qd2 Nf6 6. Nc3 b6 7. e3 Bb7 8.
Be2 O-O 9. O-O a6 10. a3 Qd6 11. Ne5 Nc6 12. Bf3 Rab8 13. Nxc6 Bxc6 14. Bxc6
Qxc6 15. Rad1 d5 16. f3 h6 17. Ne2 g5 18. Nc1 Qd6 19. Nd3 Nd7 20. Qb4 a5 21.
Qxd6 cxd6 22. f4 g4 23. g3 Nf6 24. Kg2 h5 25. Rh1 Rb7 26. Nf2 Rh7 27. h4 Rc7
28. c3 Rfc8 29. Rhe1 Kf7 30. Re2 Ke7 31. Kf1 Kd7 1/2-1/2

[Event "50smm A Brixen/Milland-Kaltern/Tramin"]
[Site "?"]
[Date "2018.11.24"]
[Round "2.1"]
[White "Seresin, Francesco"]
[Black "Sader, Michael"]
[Result "1-0"]
[WhiteElo "2277"]
[BlackElo "2142"]
[PlyCount "112"]
[EventDate "2018.11.24"]
[SourceDate "2018.11.11"]

1. d4 Nf6 2. c4 c5 3. d5 g6 4. Nc3 Bg7 5. Nf3 d6 6. g3 O-O 7. Bg2 a6 8. O-O b5
9. cxb5 axb5 10. Nxb5 Ba6 11. Nc3 Nbd7 12. Re1 Ng4 13. Qc2 Nge5 14. Nxe5 Nxe5
15. b3 Qa5 16. Bd2 Rfb8 17. Na4 Qd8 18. Bc3 Bb5 19. Nb2 Ra3 20. f4 Nd7 21. Bxg7
Kxg7 22. Nc4 Ra7 23. Nd2 Rba8 24. e4 f6 25. a4 Ba6 26. Qc3 Qb6 27. Kh1 Rb8 28.
Rac1 Qb4 29. Bh3 Qxc3 30. Rxc3 Nf8 31. Kg1 Rb4 32. Kf2 c4 33. bxc4 Rxa4 34.
Rec1 Ra2 35. R1c2 Bb7 36. Rxa2 Rxa2 37. Ke3 Ra1 38. c5 dxc5 39. Rxc5 Ra3+ 40.
Kd4 Ba6 41. Nc4 Bxc4 42. Rxc4 Kf7 43. e5 f5 44. Bf1 Ra7 45. Rc8 h6 46. Bc4 Kg7
47. d6 exd6 48. exd6 Rd7 49. Ke5 g5 50. Be6 Ng6+ 51. Kxf5 Rxd6 52. Rg8+ Kh7 53.
Rxg6 Rb6 54. Bg8+ Kh8 55. Rxb6 Kg7 56. fxg5 hxg5 1-0

[Event "50smm A Brixen/Milland-Kaltern/Tramin"]
[Site "?"]
[Date "2018.11.24"]
[Round "2.2"]
[White "Kofler, Thomas"]
[Black "Paltrinieri, Nicholas"]
[Result "1-0"]
[WhiteElo "1943"]
[BlackElo "2245"]
[PlyCount "107"]
[EventDate "2018.11.24"]
[SourceDate "2018.11.11"]

1. c4 f5 2. g3 Nf6 3. Bg2 e6 4. d4 Be7 5. Nf3 O-O 6. O-O d6 7. b4 a5 8. b5 a4
9. Nc3 Ne4 10. Nxa4 c6 11. Nd2 Qa5 12. Nxe4 Qxa4 13. Qxa4 Rxa4 14. Nd2 cxb5 15.
cxb5 Rxd4 16. a4 Nd7 17. Nf3 Rc4 18. Be3 Bf6 19. Ra2 d5 20. Rd1 Nc5 21. Bxc5
Rxc5 22. Ne1 Bd7 23. Nd3 Rc4 24. Nf4 Kf7 25. Nxd5 exd5 26. Bxd5+ Be6 27. Bxc4
Bxc4 28. Rc2 Bb3 29. Rc7+ Ke6 30. Rb1 Bxa4 31. Rxb7 Bc2 32. Rc1 Be4 33. Ra7 Rb8
34. Ra6+ Kd7 35. f3 Bb7 36. Ra4 Ra8 37. Rxa8 Bxa8 38. Kf2 Bd4+ 39. e3 Bb6 40.
Ke2 Bd5 41. g4 fxg4 42. fxg4 g5 43. Kd3 Bf3 44. Rg1 Bc7 45. h3 Kd6 46. Rf1 Bg2
47. Rf6+ Kd5 48. Rf5+ Be5 49. Rxg5 Bxh3 50. e4+ Kd6 51. b6 Bf1+ 52. Ke3 Bb2 53.
Rf5 Bc4 54. b7 1-0

[Event "50smm A Brixen/Milland-Kaltern/Tramin"]
[Site "?"]
[Date "2018.11.24"]
[Round "2.3"]
[White "Bertagnolli, Alexander"]
[Black "Wisthaler, Lukas"]
[Result "1/2-1/2"]
[WhiteElo "2365"]
[BlackElo "1846"]
[PlyCount "80"]
[EventDate "2018.11.24"]
[SourceDate "2018.11.11"]

1. d4 d5 2. Bg5 c6 3. c3 Nf6 4. Bxf6 exf6 5. Nd2 Bd6 6. e4 O-O 7. Bd3 Be6 8.
Qc2 g6 9. Ne2 c5 10. dxc5 Bxc5 11. Nb3 Bb6 12. O-O-O dxe4 13. Bxe4 Qc7 14. Ned4
Re8 15. Nxe6 fxe6 16. h4 Nc6 17. h5 g5 18. Rhe1 Rad8 19. Bxc6 Qxc6 20. Rxd8
Rxd8 21. f3 f5 22. Qe2 Kf7 23. g4 Qd5 24. Kc2 h6 25. Nc1 Bc7 26. Rd1 Qxd1+ 27.
Qxd1 Rxd1 28. Kxd1 Kf6 29. Nd3 e5 30. Ke2 e4 31. fxe4 fxe4 32. Ne1 Ke5 33. Ng2
Bb6 34. a4 a6 35. Ne3 Bc5 36. Nf5 Bf8 37. Ke3 Bc5+ 38. Ke2 Bf8 39. Ke3 Bc5+ 40.
Ke2 Bf8 1/2-1/2

[Event "50smm A Brixen/Milland-Kaltern/Tramin"]
[Site "?"]
[Date "2018.11.24"]
[Round "2.4"]
[White "Hellweg, Stephan"]
[Black "Zucchelli, Massimo"]
[Result "0-1"]
[WhiteElo "1734"]
[BlackElo "2152"]
[PlyCount "68"]
[EventDate "2018.11.24"]
[SourceDate "2018.11.11"]

1. e4 e6 2. d4 d5 3. exd5 exd5 4. Nf3 Bd6 5. Bd3 Nc6 6. O-O Bg4 7. Re1+ Nge7 8.
c3 Qd7 9. Bg5 f6 10. Bh4 O-O-O 11. Nbd2 g5 12. Bg3 h5 13. Bxd6 Qxd6 14. Qc2 h4
15. b4 Rdg8 16. Re2 Bd7 17. Nb3 f5 18. Ne1 f4 19. b5 Nd8 20. Nc5 g4 21. Re5 Nf7
22. Nxd7 Qxd7 23. Bf5 Nxf5 24. Rxf5 f3 25. Rf4 fxg2 26. Kxg2 Nd6 27. a4 g3 28.
f3 gxh2+ 29. Kxh2 Rg3 30. Rxh4 Rxh4+ 31. Kxg3 Nf5+ 32. Kf2 Rh2+ 33. Ng2 Rxg2+
34. Kxg2 Ne3+ 0-1

[Event "50smm A Brixen/Milland-Kaltern/Tramin"]
[Site "?"]
[Date "2018.11.24"]
[Round "2.5"]
[White "Waldner, Mirko"]
[Black "Kofler, Oswald"]
[Result "1/2-1/2"]
[WhiteElo "1948"]
[BlackElo "1833"]
[PlyCount "119"]
[EventDate "2018.11.24"]
[SourceDate "2018.11.11"]

1. d4 d5 2. c4 e6 3. Nc3 Nf6 4. cxd5 exd5 5. Bg5 Be7 6. e3 O-O 7. Bd3 c6 8.
Nge2 h6 9. Bh4 Re8 10. Qc2 Nbd7 11. O-O Nf8 12. f3 Be6 13. Rad1 Qc7 14. Bg3 Qd8
15. h3 Nh5 16. Bh2 Bd6 17. Bxd6 Qxd6 18. e4 Ng3 19. e5 Nxe2+ 20. Nxe2 Qe7 21.
f4 Bd7 22. f5 c5 23. Nf4 cxd4 24. Rde1 Bc6 25. Qf2 Qg5 26. Qxd4 Rad8 27. e6 Re7
28. Re5 Qh4 29. Kh2 Rc7 30. f6 fxe6 31. g3 Qxf6 32. Ng6 Qxf1 33. Bxf1 Nxg6 34.
Rxe6 Nf8 35. Re3 Rf7 36. Kg1 Nd7 37. Bd3 Rdf8 38. Re1 Nf6 39. Bg6 Rc7 40. Qe5
Rcc8 41. Rf1 Rcd8 42. Qd4 a6 43. g4 Ne4 44. Rxf8+ Rxf8 45. h4 Rf6 46. Bf5 Ng3
47. Bd3 Ne4 48. Bf1 Rf4 49. g5 hxg5 50. hxg5 Rg4+ 51. Kh2 Rxg5 52. Bg2 Nf6 53.
Bh3 Rh5 54. Kg2 Kf7 55. b4 Ne4 56. Bg4 Rg5 57. Kf3 Ke7 58. Kf4 Rg6 59. Qe5+ Kf8
60. Qb8+ 1/2-1/2

[Event "50smm A Brixen/Milland-Kaltern/Tramin"]
[Site "?"]
[Date "2018.11.24"]
[Round "2.6"]
[White "Perez, Christian"]
[Black "Dallaglio, Giovanni"]
[Result "1/2-1/2"]
[WhiteElo "1342"]
[BlackElo "1837"]
[PlyCount "81"]
[EventDate "2018.11.24"]
[SourceDate "2018.11.11"]

1. e4 d5 2. exd5 Qxd5 3. c4 Qd8 4. Nf3 Nf6 5. Nc3 e6 6. d4 Be7 7. Bd3 O-O 8.
O-O b6 9. Bf4 Bb7 10. Nb5 Na6 11. a3 c6 12. Nc3 Bd6 13. Bg5 h6 14. Bh4 Be7 15.
b4 c5 16. dxc5 bxc5 17. b5 Nc7 18. a4 Nh5 19. Bxe7 Qxe7 20. a5 Nf4 21. a6 Bxf3
22. Qxf3 Rad8 23. Be4 Qf6 24. Rad1 g5 25. Na4 Qe7 26. g3 Ng6 27. Qe3 f5 28. Bc6
Rxd1 29. Rxd1 Rd8 30. Rxd8+ Qxd8 31. Nxc5 Qd6 32. Nd7 e5 33. Qxa7 Qd1+ 34. Kg2
Nf4+ 35. gxf4 Qg4+ 36. Kf1 Qd1+ 37. Kg2 Qg4+ 38. Kf1 Qd1+ 39. Kg2 Qg4+ 40. Kf1
Qd1+ 41. Kg2 1/2-1/2

[Event "50smm A Bruneck-Groeden"]
[Site "?"]
[Date "2018.11.24"]
[Round "2.1"]
[White "Bonagura, Stefano"]
[Black "Moling, Patrick"]
[Result "0-1"]
[WhiteElo "2213"]
[BlackElo "2064"]
[PlyCount "109"]
[EventDate "2018.11.24"]
[SourceDate "2018.11.11"]

1. e4 c5 2. Nc3 Nc6 3. Bb5 Nd4 4. Bc4 d6 5. Nge2 Nf6 6. O-O a6 7. d3 b5 8. Bb3
Nxb3 9. axb3 Bb7 10. Bg5 e6 11. f4 Be7 12. Qe1 h6 13. Bh4 O-O 14. f5 exf5 15.
Rxf5 g6 16. Rf3 b4 17. Na4 Nd7 18. Bxe7 Qxe7 19. Nf4 Rae8 20. Qd2 Kh7 21. Rh3
g5 22. Nh5 f5 23. Ng3 fxe4 24. dxe4 Bxe4 25. Re1 Qf6 26. c3 Bg6 27. Rf1 Qe5 28.
Rd1 Rf6 29. Nf1 a5 30. Ne3 Qe6 31. c4 Ne5 32. Nd5 Rf7 33. Re3 Ref8 34. Rde1 Qg4
35. Rg3 Qd4+ 36. Qe3 Nd3 37. Qxd4 Nxe1 38. Qf6 Rxf6 39. Nxf6+ Rxf6 40. Re3 Nc2
41. Re7+ Rf7 42. Re6 Nd4 43. Re3 Bc2 44. Nb6 Bxb3 45. h4 gxh4 46. Nc8 Bxc4 47.
Nxd6 Rf1+ 48. Kh2 Be6 49. Nb7 c4 50. Nxa5 Rf2 51. Nc6 Nxc6 52. Rxe6 Nd4 53. Re4
Rxb2 54. Rxd4 c3 55. Rd7+ 0-1

[Event "50smm A Bruneck-Groeden"]
[Site "?"]
[Date "2018.11.24"]
[Round "2.2"]
[White "Peintner, Andreas"]
[Black "Moroder, Stefan"]
[Result "1/2-1/2"]
[WhiteElo "1934"]
[BlackElo "2149"]
[PlyCount "29"]
[EventDate "2018.11.24"]
[SourceDate "2018.11.11"]

1. d4 Nf6 2. c4 g6 3. Nc3 Bg7 4. e4 d6 5. Be2 O-O 6. Bg5 a6 7. Qd2 c5 8. dxc5
dxc5 9. Qxd8 Rxd8 10. Nf3 Nc6 11. O-O Bg4 12. Rfd1 Kf8 13. Rxd8+ Rxd8 14. Rd1
Rxd1+ 15. Bxd1 1/2-1/2

[Event "50smm A Bruneck-Groeden"]
[Site "?"]
[Date "2018.11.24"]
[Round "2.3"]
[White "Bernardi, Ruben"]
[Black "Balzarini, Franco"]
[Result "1-0"]
[WhiteElo "2154"]
[BlackElo "1840"]
[PlyCount "100"]
[EventDate "2018.11.24"]
[SourceDate "2018.11.11"]

1. e4 c5 2. Nf3 Nc6 3. c3 e6 4. d4 cxd4 5. cxd4 d5 6. e5 Nge7 7. Bd3 Ng6 8. h4
Be7 9. g3 Bd7 10. Nc3 Qb6 11. h5 Nf8 12. O-O h6 13. a3 Nh7 14. Na4 Qc7 15. Bxh7
Rxh7 16. b4 b6 17. Qc2 Rh8 18. b5 Rc8 19. bxc6 Bxc6 20. Nb2 Qd7 21. Re1 Bb5 22.
Qb1 Rc3 23. Re3 Qc6 24. Bd2 Rc2 25. Nd1 Rc4 26. Rc3 Kd7 27. a4 Ba6 28. Qb3 Rc8
29. Rcc1 f6 30. Ne3 Rxc1+ 31. Rxc1 Qb7 32. Rc3 Be2 33. Nc2 Qa6 34. Nce1 Bc4 35.
Qd1 Bb4 36. Re3 Be7 37. Kh2 b5 38. axb5 Qxb5 39. Qa1 a6 40. Nc2 f5 41. Qe1 Qa4
42. Rc3 Rb8 43. Ne3 Bb5 44. Qc1 Bc6 45. Nxf5 exf5 46. e6+ Kxe6 47. Rxc6+ Kf7
48. Ne5+ Kg8 49. Rc8+ Rxc8 50. Qxc8+ Bf8 1-0

[Event "50smm A Bruneck-Groeden"]
[Site "?"]
[Date "2018.11.24"]
[Round "2.4"]
[White "Niederkofler, Andreas"]
[Black "Demetz, Rainer"]
[Result "0-1"]
[WhiteElo "1797"]
[BlackElo "2177"]
[PlyCount "74"]
[EventDate "2018.11.24"]
[SourceDate "2018.11.11"]

1. e4 e5 2. Nf3 d6 3. d4 Nf6 4. Nc3 Nbd7 5. g3 g6 6. dxe5 dxe5 7. Bg2 Bg7 8.
O-O O-O 9. h3 c6 10. Bg5 Qc7 11. a4 Nc5 12. Qe2 h6 13. Bc1 b6 14. Rd1 Ba6 15.
Qe1 Rfd8 16. Rxd8+ Rxd8 17. Bd2 Bb7 18. Rd1 a5 19. Nh2 Ne6 20. Nf1 Nd4 21. Ne3
Bc8 22. Kh1 Be6 23. Ne2 Bxh3 24. Nxd4 Bxg2+ 25. Nxg2 Rxd4 26. Bc3 Rxe4 27. Qf1
Nd5 28. Qd3 Nxc3 29. Qxc3 Rxa4 30. Ne3 Rd4 31. Qb3 a4 32. Qa2 Qd6 33. Re1 b5
34. c4 Rd2 35. Kg1 Qf6 36. Rf1 e4 37. cxb5 cxb5 0-1

[Event "50smm A Bruneck-Groeden"]
[Site "?"]
[Date "2018.11.24"]
[Round "2.5"]
[White "Dejori, David"]
[Black "Peintner, Markus"]
[Result "0-1"]
[WhiteElo "1827"]
[BlackElo "1468"]
[PlyCount "60"]
[EventDate "2018.11.24"]
[SourceDate "2018.11.11"]

1. e4 c5 2. Nc3 Nc6 3. f4 d6 4. Nf3 g6 5. Bb5 Bd7 6. Bxc6 Bxc6 7. O-O Bg7 8.
Qe1 e6 9. d3 Ne7 10. Kh1 Qd7 11. Rb1 a5 12. Ne2 d5 13. Ng3 d4 14. f5 f6 15.
fxe6 Qxe6 16. a3 O-O 17. Bf4 Qg4 18. Bd6 Qd7 19. Bxc5 f5 20. exf5 Nxf5 21. Bxf8
Rxf8 22. Ne5 Bxe5 23. Qxe5 Re8 24. Qf4 Ne3 25. Rg1 Qh3 26. Ne4 Bxe4 27. dxe4
Qh5 28. c3 Rxe4 29. Qxe4 Ng4 30. Qf4 Qxh2+ 0-1

[Event "50smm A Bruneck-Groeden"]
[Site "?"]
[Date "2018.11.24"]
[Round "2.6"]
[White "Lang, Guenther"]
[Black "Casadio, Niccolo"]
[Result "1-0"]
[WhiteElo "1670"]
[BlackElo "1814"]
[PlyCount "95"]
[EventDate "2018.11.24"]
[SourceDate "2018.11.11"]

1. f4 d5 2. Nf3 Nc6 3. e3 Nf6 4. Bb5 Bg4 5. Bxc6+ bxc6 6. b3 g6 7. Bb2 Bg7 8.
O-O O-O 9. d3 Re8 10. Nbd2 Nd7 11. Bxg7 Kxg7 12. Qe1 e5 13. Qg3 Bxf3 14. Qxf3
exf4 15. Qxf4 Qe7 16. Rae1 Nc5 17. e4 Ne6 18. Qe5+ f6 19. Qc3 Qc5+ 20. Qxc5
Nxc5 21. exd5 cxd5 22. Kf2 Ne6 23. Nf3 g5 24. h3 c5 25. Re2 Nc7 26. Rfe1 Kf7
27. Rxe8 Rxe8 28. Rxe8 Nxe8 29. g4 Ke6 30. d4 Kd6 31. Ke3 a6 32. c3 Kc6 33. h4
h6 34. h5 Ng7 35. dxc5 Kxc5 36. Nd4 Kd6 37. b4 Ke5 38. a4 Kd6 39. Kd3 Kc7 40.
c4 dxc4+ 41. Kxc4 Kd6 42. a5 Kc7 43. Kd5 Kd7 44. b5 axb5 45. Nxb5 f5 46. a6 Kc8
47. Nd6+ Kc7 48. a7 1-0

[Event "50smm A Deutschnofen-Ehrenburg"]
[Site "?"]
[Date "2018.11.24"]
[Round "2.1"]
[White "Erlacher, Michael"]
[Black "Dappiano, Andrea"]
[Result "1-0"]
[WhiteElo "2186"]
[BlackElo "2274"]
[PlyCount "61"]
[EventDate "2018.11.24"]
[SourceDate "2018.11.11"]

1. e4 e6 2. d4 d5 3. Nc3 Bb4 4. e5 c5 5. a3 Bxc3+ 6. bxc3 Ne7 7. Qg4 O-O 8. Bd3
Nbc6 9. Qh5 Ng6 10. Nf3 Qc7 11. Bd2 c4 12. Bxg6 fxg6 13. Qg4 Bd7 14. h4 Rf5 15.
h5 gxh5 16. Rxh5 Raf8 17. Be3 Rxh5 18. Qxh5 Ne7 19. Kd2 Rf5 20. Qh3 Ng6 21. Rh1
h6 22. g4 Rf8 23. g5 Ne7 24. gxh6 g6 25. h7+ Kh8 26. Bh6 Qd8 27. Bg5 Qe8 28.
Qh4 Nf5 29. Bf6+ Ng7 30. Bxg7+ Kxg7 31. h8=Q+ 1-0

[Event "50smm A Deutschnofen-Ehrenburg"]
[Site "?"]
[Date "2018.11.24"]
[Round "2.2"]
[White "Zamengo, Fulvio"]
[Black "Hengl, Christian"]
[Result "1-0"]
[WhiteElo "2309"]
[BlackElo "2147"]
[PlyCount "79"]
[EventDate "2018.11.24"]
[SourceDate "2018.11.11"]

1. e4 e6 2. d4 d5 3. Nc3 Nf6 4. e5 Nfd7 5. f4 c5 6. Nf3 Nc6 7. Be3 a6 8. a3 b5
9. dxc5 Bxc5 10. Bxc5 Nxc5 11. b4 Nd7 12. Nd4 Qb6 13. Nxc6 Qxc6 14. Qd4 Bb7 15.
Bd3 O-O 16. O-O Rac8 17. Ne2 f6 18. Qe3 fxe5 19. fxe5 Rxf1+ 20. Rxf1 Rf8 21.
Nd4 Rxf1+ 22. Kxf1 Qb6 23. Ke2 Nf8 24. h4 Bc6 25. Nb3 Qd8 26. g3 Be8 27. Nc5
Qb6 28. Qg5 Qc7 29. Kd2 h6 30. Qf4 Qb6 31. g4 Nd7 32. Nxd7 Bxd7 33. Bg6 Qd8 34.
Qf7+ Kh8 35. g5 hxg5 36. h5 g4 37. h6 Qg8 38. Qxd7 gxh6 39. Qf7 g3 40. Ke2 1-0

[Event "50smm A Deutschnofen-Ehrenburg"]
[Site "?"]
[Date "2018.11.24"]
[Round "2.3"]
[White "Kranebitter, Gerhard"]
[Black "Micheli, Carlo"]
[Result "0-1"]
[WhiteElo "2063"]
[BlackElo "2218"]
[PlyCount "60"]
[EventDate "2018.11.24"]
[SourceDate "2018.11.11"]

1. e4 c5 2. Nf3 e6 3. c3 Nf6 4. e5 Nd5 5. d4 cxd4 6. cxd4 d6 7. Nc3 Nxc3 8.
bxc3 Nc6 9. exd6 Bxd6 10. Bd3 h6 11. O-O O-O 12. Bd2 Qc7 13. h3 Rd8 14. Qe2 Bf8
15. Qe4 f5 16. Qe2 Ne7 17. Ne5 Nd5 18. Rfc1 Bd7 19. Nxd7 Qxd7 20. Rab1 Rac8 21.
c4 Nf6 22. Bc3 b6 23. Rb5 Ne8 24. Rxf5 exf5 25. Qe5 Nd6 26. c5 bxc5 27. dxc5
Nf7 28. Bc4 Rxc5 29. Qe2 Re8 30. Bxf7+ Qxf7 0-1

[Event "50smm A Deutschnofen-Ehrenburg"]
[Site "?"]
[Date "2018.11.24"]
[Round "2.4"]
[White "Tonino, Filippo"]
[Black "Ritzer, Franz"]
[Result "1/2-1/2"]
[WhiteElo "1976"]
[BlackElo "1822"]
[PlyCount "48"]
[EventDate "2018.11.24"]
[SourceDate "2018.11.11"]

1. d4 Nf6 2. c4 g6 3. f3 d5 4. cxd5 Nxd5 5. e4 Nb6 6. Nc3 Bg7 7. Be3 O-O 8. Qd2
Nc6 9. Rd1 Re8 10. b3 a5 11. Bb5 Bd7 12. Nge2 Na7 13. Bd3 a4 14. b4 Nac8 15. e5
Be6 16. Nf4 Qd7 17. Nxe6 Qxe6 18. Ne4 Nd5 19. Nc5 Qb6 20. a3 e6 21. Bh6 Bh8 22.
Bc4 Nce7 23. Bg5 c6 24. h4 Qc7 1/2-1/2

[Event "50smm A Deutschnofen-Ehrenburg"]
[Site "?"]
[Date "2018.11.24"]
[Round "2.5"]
[White "Gruber, Alexander"]
[Black "Thurner, Markus"]
[Result "1/2-1/2"]
[WhiteElo "1803"]
[BlackElo "1913"]
[PlyCount "32"]
[EventDate "2018.11.24"]
[SourceDate "2018.11.11"]

1. e4 e6 2. d4 d5 3. exd5 exd5 4. Nf3 Bd6 5. Bd3 Nc6 6. c3 Nge7 7. O-O Bg4 8.
Bg5 Qd7 9. b4 O-O 10. Nbd2 f6 11. Bh4 Nf5 12. Qc2 g6 13. Rfe1 Bf4 14. Bg3 Nxg3
15. hxg3 Bd6 16. Nh2 Kg7 1/2-1/2